| 000 | 00514nam a2200193Ia 4500 | ||
|---|---|---|---|
| 005 | 20250326145156.0 | ||
| 008 | 250326s9999 xx 000 0 und d | ||
| 037 | _aTextbook | ||
| 040 |
_aFMSL _beng _cFMSL |
||
| 041 |
_aeng _2eng |
||
| 084 |
_aT15 Q0 _qFMSL |
||
| 100 |
_aTinning R _9750781 |
||
| 245 | 0 |
_aPedagogy and human movement _cTinning R |
|
| 260 |
_aNY _bNY, Routledge _c2010 |
||
| 365 | _b5371.0649999999996 | ||
| 650 | _aManagement | ||
| 942 |
_cTB _hT15 Q0 |
||
| 999 |
_c1306645 _d1306645 |
||